000 00302nam a2200109Ia 4500
008 200302s9999 xx 000 0 und d
100 _aChandrakant S. Desai & Other
245 _aIntroduction to the Finite Element Method
260 _bC B S Publishers & Distributors
260 _c2002
300 _a477 P.,
999 _c1877
_d1877